| Tag |
First Indicator |
Second Indicator |
Subfields |
| LEADER |
00000cam a22000008a 4500 |
| 001 |
in00000788721 |
| 005 |
20151017060823.0 |
| 008 |
890315s1989 ctu b 00010 eng |
| 010 |
|
|
|a 89031991
|
| 020 |
|
|
|a 0887362311 (alk. paper) :
|c $45.00
|
| 035 |
|
|
|a (OCoLC)19555500
|
| 035 |
|
|
|9 ADM4817AM
|
| 040 |
|
|
|a DLC
|c DLC
|d TXA
|d UtOrBLW
|
| 049 |
|
|
|a TXAM
|c [A12348568]
|
| 050 |
0 |
0 |
|a Z5838.O68
|b S23 1989
|a TA1635
|
| 082 |
0 |
|
|a 016.62139/767
|2 20
|
| 100 |
1 |
|
|a Saffady, William,
|d 1944-
|
| 245 |
1 |
0 |
|a Optical storage technology :
|b a bibliography /
|c William Saffady.
|
| 264 |
|
1 |
|a Westport :
|b Meckler,
|c [1989]
|
| 264 |
|
4 |
|c ©1989
|
| 300 |
|
|
|a ix, 158 pages
|
| 336 |
|
|
|a text
|b txt
|2 rdacontent
|
| 337 |
|
|
|a unmediated
|b n
|2 rdamedia
|
| 338 |
|
|
|a volume
|b nc
|2 rdacarrier
|
| 650 |
|
0 |
|a Optical storage devices
|x Bibliography.
|
| 999 |
|
|
|a MARS
|
| 999 |
f |
f |
|s 24a734a9-7fae-3e17-867d-790d533bb335
|i 03bf19fa-4a3f-3cdf-a8d0-69823a7c3a94
|t 0
|
| 952 |
f |
f |
|p ric
|a Texas A&M University
|b Rellis Campus
|c Joint Library Facility
|d Remote Storage
|t 0
|e Z5838.O68 .S23 1989
|h Library of Congress classification
|i unmediated -- volume
|m A14812348568
|
| 998 |
f |
f |
|a Z5838.O68 .S23 1989
|t 0
|l Remote Storage
|